| 000 | 00702nam a2200133Ia 4500 | ||
|---|---|---|---|
| 008 | 171212s9999 xx 000 0 und d | ||
| 020 | _a9780874215823 | ||
| 100 | _aSawin, Patricia | ||
| 245 |
_cSawin, Patricia _aListening For A Life _bA Dialogic Ethnography of Bessie Eldreth through Her Songs and Stories |
||
| 260 |
_bUniversity Press of Colorado _c2004 |
||
| 650 | _aEldreth, Bessie Mae, 1913-; Eldreth, Bessie Mae, 1913 -- Interviews; Women folklorists -- Appalachian Region -- Biography; Women storytellers -- Appalachian Region -- Biography; Folk singers -- Appalachian Region -- Biography; Folklore -- Appalachian Regi | ||
| 650 | _aHistory | ||
| 856 | _uwww.jstor.org/stable/10.2307/j.ctt46nr7p | ||
| 999 |
_c353103 _d353103 |
||